<?xml version="1.0" encoding="UTF-8"?>
<record
    xmlns:xsi="http://www.w3.org/2001/XMLSchema-instance"
    xsi:schemaLocation="http://www.loc.gov/MARC21/slim http://www.loc.gov/standards/marcxml/schema/MARC21slim.xsd"
    xmlns="http://www.loc.gov/MARC21/slim">

  <leader>00442nam a22001577a 4500</leader>
  <controlfield tag="003">OSt</controlfield>
  <controlfield tag="005">20151001113729.0</controlfield>
  <controlfield tag="008">151001b        xxu||||| |||| 00| 0 eng d</controlfield>
  <datafield tag="040" ind1=" " ind2=" ">
    <subfield code="c">RUA</subfield>
  </datafield>
  <datafield tag="082" ind1=" " ind2=" ">
    <subfield code="a">AGR ITH 2005 B062 Or.1</subfield>
  </datafield>
  <datafield tag="100" ind1=" " ind2=" ">
    <subfield code="9">1674</subfield>
    <subfield code="a">ITH, CHUMNAN.</subfield>
  </datafield>
  <datafield tag="245" ind1=" " ind2=" ">
    <subfield code="a">Etude sor la dansite` de culyure d'artemisia annu4 dand la province de mondulkiri.</subfield>
  </datafield>
  <datafield tag="260" ind1=" " ind2=" ">
    <subfield code="a">phnom phen</subfield>
    <subfield code="b">RUA</subfield>
    <subfield code="c">2005</subfield>
  </datafield>
  <datafield tag="300" ind1=" " ind2=" ">
    <subfield code="a">36p.</subfield>
    <subfield code="b">ill.</subfield>
    <subfield code="c">29cm.</subfield>
  </datafield>
  <datafield tag="942" ind1=" " ind2=" ">
    <subfield code="2">ddc</subfield>
    <subfield code="c">AGR</subfield>
  </datafield>
  <datafield tag="999" ind1=" " ind2=" ">
    <subfield code="c">1579</subfield>
    <subfield code="d">1579</subfield>
  </datafield>
  <datafield tag="952" ind1=" " ind2=" ">
    <subfield code="0">0</subfield>
    <subfield code="1">0</subfield>
    <subfield code="2">ddc</subfield>
    <subfield code="4">0</subfield>
    <subfield code="6">AGR_ITH_2005_000000000000000_B062_OR_1</subfield>
    <subfield code="7">0</subfield>
    <subfield code="9">7093</subfield>
    <subfield code="a">LBB</subfield>
    <subfield code="b">LBB</subfield>
    <subfield code="c">B062</subfield>
    <subfield code="d">2015-10-01</subfield>
    <subfield code="o">AGR ITH 2005 B062 Or.1</subfield>
    <subfield code="p">RUA003100</subfield>
    <subfield code="r">2015-10-01</subfield>
    <subfield code="w">2015-10-01</subfield>
    <subfield code="y">AGR</subfield>
  </datafield>
  <datafield tag="952" ind1=" " ind2=" ">
    <subfield code="0">0</subfield>
    <subfield code="1">0</subfield>
    <subfield code="2">ddc</subfield>
    <subfield code="4">0</subfield>
    <subfield code="6">AGR_ITH_2005_000000000000000_B062_OR_2</subfield>
    <subfield code="7">0</subfield>
    <subfield code="9">7094</subfield>
    <subfield code="a">LBB</subfield>
    <subfield code="b">LBB</subfield>
    <subfield code="c">B062</subfield>
    <subfield code="d">2015-10-01</subfield>
    <subfield code="o">AGR ITH 2005 B062 Or.2</subfield>
    <subfield code="p">RUA003027</subfield>
    <subfield code="r">2015-10-01</subfield>
    <subfield code="w">2015-10-01</subfield>
    <subfield code="y">AGR</subfield>
  </datafield>
  <datafield tag="952" ind1=" " ind2=" ">
    <subfield code="0">0</subfield>
    <subfield code="1">0</subfield>
    <subfield code="2">ddc</subfield>
    <subfield code="4">0</subfield>
    <subfield code="6">AGR_ITH_2005_000000000000000_B062_OR_3</subfield>
    <subfield code="7">0</subfield>
    <subfield code="9">7095</subfield>
    <subfield code="a">LBB</subfield>
    <subfield code="b">LBB</subfield>
    <subfield code="c">B062</subfield>
    <subfield code="d">2015-10-01</subfield>
    <subfield code="o">AGR ITH 2005 B062 Or.3</subfield>
    <subfield code="p">RUA003099</subfield>
    <subfield code="r">2015-10-01</subfield>
    <subfield code="w">2015-10-01</subfield>
    <subfield code="y">AGR</subfield>
  </datafield>
  <datafield tag="952" ind1=" " ind2=" ">
    <subfield code="0">0</subfield>
    <subfield code="1">0</subfield>
    <subfield code="2">ddc</subfield>
    <subfield code="4">0</subfield>
    <subfield code="6">AGR_ITH_2005_000000000000000_B062_OR_4</subfield>
    <subfield code="7">0</subfield>
    <subfield code="9">7096</subfield>
    <subfield code="a">LBB</subfield>
    <subfield code="b">LBB</subfield>
    <subfield code="c">B062</subfield>
    <subfield code="d">2015-10-01</subfield>
    <subfield code="o">AGR ITH 2005 B062 Or.4</subfield>
    <subfield code="p">RUA003171</subfield>
    <subfield code="r">2015-10-01</subfield>
    <subfield code="w">2015-10-01</subfield>
    <subfield code="y">AGR</subfield>
  </datafield>
  <datafield tag="952" ind1=" " ind2=" ">
    <subfield code="0">0</subfield>
    <subfield code="1">0</subfield>
    <subfield code="2">ddc</subfield>
    <subfield code="4">0</subfield>
    <subfield code="6">AGR_ITH_2005_000000000000000_B062_OR_5</subfield>
    <subfield code="7">0</subfield>
    <subfield code="9">7097</subfield>
    <subfield code="a">LBB</subfield>
    <subfield code="b">LBB</subfield>
    <subfield code="c">B062</subfield>
    <subfield code="d">2015-10-01</subfield>
    <subfield code="o">AGR ITH 2005 B062 Or.5</subfield>
    <subfield code="p">RUA003243</subfield>
    <subfield code="r">2015-10-01</subfield>
    <subfield code="w">2015-10-01</subfield>
    <subfield code="y">AGR</subfield>
  </datafield>
  <datafield tag="952" ind1=" " ind2=" ">
    <subfield code="0">0</subfield>
    <subfield code="1">0</subfield>
    <subfield code="2">ddc</subfield>
    <subfield code="4">0</subfield>
    <subfield code="6">AGR_ITH_2005_000000000000000_B062_OR_6</subfield>
    <subfield code="7">0</subfield>
    <subfield code="9">7098</subfield>
    <subfield code="a">LBB</subfield>
    <subfield code="b">LBB</subfield>
    <subfield code="c">B062</subfield>
    <subfield code="d">2015-10-01</subfield>
    <subfield code="o">AGR ITH 2005 B062 Or.6</subfield>
    <subfield code="p">RUA003172</subfield>
    <subfield code="r">2015-10-01</subfield>
    <subfield code="w">2015-10-01</subfield>
    <subfield code="y">AGR</subfield>
  </datafield>
</record>
